1303 1198 1656 1111 1765 1904 1804 1817 1239 1707 1591 1566 1730 1433 1450 1844 1419 1600 1651 1933 1333 1621 1233 1120 1397 1738 1369 1459 1551 1820 1598 1755 1705 1092 1065 1771 1861 1536 1830 1566 1482 1214 1607 1951 1566 1159 1434 1181 1267 1495 1298 1731 1658 1253 1922 1715 1122 1256 1603 1888 1977 1333 1960 1550 1789 1559 1310 1245 1556 1456 1317 1882 1099 1169 1344 1872 1103 1732 1720 1290 1327 1595 1139 1606 1339 1172 1233 1096 1192 1035 1322 1858 1112 1488 1872 1340 1627 1837 1776 BCNSPRNW ULIB Ver.6.0+V

เปลี่ยนเป็นภาษาไทย

Change to English
 แสดงรายละเอียดบรรณานุกรม
  กลับหน้าหลัก

Brief Record : Get Marc (ISO 2709) : E-mail record : QR code < ปิดหน้าต่าง
LEADER : 00000nam 2200000uu 4500
001    13399121134
003     ULIB
008    020711s2547 th a 000 0 tha d
050    LB^bก432พ
100    ภาณุพงษ์ คงจันทร์
245    บทวิจารณ์วรรณกรรม รางวัลชมเชย เรื่องมองวรรณกรรมและการเมืองไทยยุคเอื้ออาทร/^cภาณุพงษ์ คงจันทร์
250    พิมพ์ครั้งที่ 1
260    นครสวรรค์ :^bม.ป.ท.,^c2547
300    10 หน้า
945    ^p0^l0^i12490
999    ^aทศพร เกษรทอง
รายการนี้ยังไม่มีแท็ก
คุณยังไม่ได้ล็อกอิน คุณสามารถมีกิจกรรมร่วมกับเว็บไซต์ได้ แต่ต้องล็อกอินก่อน ::
  ล็อกอิน

รายการสื่อสารสนเทศ

ลำดับที่ ประเภท เลขเรียก/บาร์โค้ด สถานที่ สถานะ
1. วิทยาศาสตร์การแพทย์ และสุขภาพ
วิทยาศาสตร์การแพทย์ และสุขภาพ
LB ก432พ  
  Barcode: 12490
ห้องสมุดวิทยาเขตสวรรค์ประชารักษ์
►หนังสือทั่วไป
บนชั้น

BibComment


ยังไม่เคยถูกคอมเมนท์

คอมเมนท์ทรัพยากรรายการนี้
  คอมเมนท์: บทวิจารณ์วรรณกรรม..


 Copyright 2026. Bcnsprnw @Library